000 00318nam a22001337a 4500
082 _a894.812
_bPAD/T
100 _aKARTHIKEYAN PADIYATH
245 _aTHUYILUNARTHINTE SRUTHIKAL
250 _aFIRST
260 _aTRIVANDRUM
_bPRABHATHAM PRINTING & PUBLISHING CO.
300 _a79
650 _aPLAY
_zKERALA
942 _cBK
999 _c1138
_d1138